000 00563pam a2200193 a 4500
020 _a0070212198 (h) :
040 _cDLC
082 0 0 _a005 HIL 1993 A002 Or.
100 1 _aFlecher, Tom
245 1 0 _aSoftware engineering and CASE :
_bbridging the culture gap /
260 _aNew York :
_bMcGraw-Hill,
_cc1993
300 _axviii, 277 p. :
_bill. ;
_c24 cm
490 1 _aCAP Gemini America series
500 _aIncludes index
650 0 _aComputer-aided software engineering
650 0 _aManagement information systems
700 1 0 _aHunt, Jim
942 _cEK
999 _c16684
_d16684